00896 a2200229 4500999001700000003000500017005001700022008004100039020001500080040001900095050001600114082001600130100003200146245010600178260005200284300005800336538005100394650005600445856002800501942003800529952009900567 c23914d23914NUST20170621114414.0170621b xxu||||| |||| 00| 0 eng d a8178085585 aDLCbDLCcRCMS a621.392 YAL a621.392 YAL1 aSudhakar Yalamanchili9302210aIntroductory VHDL: from simulation to synthesisbfrom simulation to synthesiscSudhakar Yalamanchili. aUpper Saddle River, NJ :bPrentice Hall,c2001. a401 p. :bill. +e1 computer optical disk (4 3/4 in.) iShelf # 09, Row # 1, History & Digital Design. 0aVHDL (Computer hardware description language)92937 3Table of Contents Only. cBKk621.392 YAL2ddch621.392 YAL 00102ddc4070aNQCbNQCcGENd2014-04-25o621.382YALpRCMS000272r2014-04-25w2014-04-25yBK